• 首页
  • 本馆介绍
  • 公告通知
  • 最新文献
  • 馆藏检索
  • 电子资源
  • 读者导购
  • 参考咨询
  • 我的图书馆
  • 登录
  • 详细信息显示
  • 放入我的书架
  • 预约/预借图书
  • 作者相关作品
  • 分类相关作品
  • 丛书相关作品
  • 出版社相关作品

书目信息

  • 表格格式
  • 工作单格式
  • 卡片格式
题名:
论共产主义教育
    
 
作者: 安·谢·马卡连柯 ;杨慕之 , 刘长松
分册:  
出版信息: 北京   人民教育  1954
页数: 516页
开本: 19cm
丛书名:
单 册:
中图分类: G416
科图分类:
主题词: 德育--学校教育 , 思想政治教育--学校教育
电子资源:
ISBN:
000 00688nam0 2200217 450
001 0753865015
005 20070818145745.01
010    @d¥1.40
100    @a20070818d km y0chiy0120 ea
101 0  @achi
200 1  @a论共产主义教育@Alun gong chan zhu yi jiao yu@f(苏)安.谢.马卡连柯@F(su)an.xie.ma ka lian ke@g刘长松,杨慕之@Gliu chang song,yang mu zhi
210    @a北京@c人民教育@d1954
215    @a516页@d19cm
606 0  @a德育--学校教育
606 0  @a思想政治教育--学校教育
690    @aG416@v3
701  0 @a安·谢·马卡连柯@Aan·xie·ma ka lian ke
702  0 @a杨慕之@Ayang mu zhi
702  0 @a刘长松@Aliu chang song
801  0 @aCN@bPFT@c20070818
905    @a213230@dG416@ee161@f1
    
    论共产主义教育/(苏)安.谢.马卡连柯/刘长松,杨慕之.-北京:人民教育,1954
    516页;19cm
    
    
    ISBN :¥1.40
    
●
相关链接 在E读中查询图书 在五车中查询图书 在当当中查询图书 在豆瓣中查询图书


正题名:论共产主义教育     索取号:G416/e161         预约/预借

序号 登录号 条形码 馆藏地/架位号 状态 备注
1 6301781   263017817   教育系资料室/ [索取号:G416/e161] 在馆    
唐山师范学院图书馆 欢迎您!
大连网信软件有限公司© 版权所有